Stati e Iniziali delle Capitali - Quiz n°5 - Statistics

Statistiche generali
  • Questo quiz è stato fatto 19 volte
  • Il punteggio medio è 7 su 10
Statistiche sulle risposte
Hint Risposta % Corretto
Colombia B
100%
Perù L
100%
Libia T
100%
Mongolia U
86%
Laos V
79%
Seychelles V
71%
Burundi G
50%
Benin P
50%
Trinidad e Tobago P
43%
Gambia B
29%
Nessun quiz corrispondente trovato
Distribuzione punteggi
Percentuale di utenti per punteggio
Percentile per numero di risposta
I tuoi punteggi nel tempo
Non hai fatto questo quiz